| 000 | 01224nam a22003131 4500 | ||
|---|---|---|---|
| 001 | 143663 | ||
| 003 | SpMaBN | ||
| 005 | 20250825224117.0 | ||
| 008 | 981210s1970 sp spa | ||
| 016 | 7 |
_abimoBNE20000198020 _zIND9800832713 _2SpMaBN |
|
| 017 |
_aM 20823-1970 _bOficina Depósito Legal Madrid |
||
| 035 | _a(OCoLC)432724052 | ||
| 040 |
_aSpMaBN _bspa _cCDM _dES-MaACL |
||
| 080 | _a86.0(82)-32"19"(082.2) | ||
| 245 | 0 | 0 |
_a70 años de narrativa argentina : _b1900-1970 / _cprólogo, selección y notas de Roberto Galini |
| 260 |
_aMadrid : _bAlianza Editorial, _c[1970] |
||
| 300 |
_a212 p. ; _c18 cm |
||
| 490 | 0 |
_aEl Libro de Bolsillo. Sección: Literatura ; _v267 |
|
| 650 | 4 |
_aLiteratura argentina- _xHistoria y crítica _914507 |
|
| 700 | 1 |
_aGalini, Roberto _9227221 |
|
| 830 | 3 |
_aEl libro de bolsillo. _pLiteratura _v267 _9180913 |
|
| 852 |
_aES-MaACL _bR.75306 _cDEPO2 _jC-40671 _9148851 |
||
| 942 |
_2udc _cMONOGRAFIA |
||
| 980 |
_aM 20823-1970 _aSpMaBN _bBNALCALA _jAHM/674393 _uSello Btca C. Circulante _cSG_PETANTI |
||
| 980 |
_aSpMaBN _bBNMADRID _jHA/42090 _cSG_RECOLET |
||
| 980 |
_aSpMaBN _bBNMADRID _jHA/42091 _cSG_RECOLET |
||
| 999 |
_c143663 _d143663 |
||